| 000 | 00691nam a2200241 a 4500 | ||
|---|---|---|---|
| 999 |
_c820 _d820 |
||
| 005 | 20200507213810.0 | ||
| 008 | 140224b1994 mx ||||| |||| 00| 0 spa d | ||
| 040 |
_aCO-BoIAVH _cCO-BoIAVH |
||
| 041 | _aspa | ||
| 044 | _amx | ||
| 090 |
_aLB _b00807 |
||
| 110 |
_bTropenbos Foundation _99343 |
||
| 245 | _aAnnual report 1994 | ||
| 260 |
_aMéxico _bTropenbos Foundation _c1994 |
||
| 300 | _a35 p. | ||
| 650 |
_aPublicaciones _9102831 |
||
| 650 |
_aInvestigación científica _9102832 |
||
| 650 |
_aEducación ambiental _9102833 |
||
| 650 |
_aApoyo a la investigación _97680 |
||
| 650 |
_aCooperación internacional _9102834 |
||
| 650 |
_aEntidades financiadoras _97957 |
||
| 942 |
_cLIBRO _2z |
||